[Event "Dortmunder SV 1 - SF Buer 1"]
[Site "Verbandsliga - Gruppe 2 2018/"]
[Date "2019.03.24"]
[Round "8.2"]
[White "Mallee, Ralph"]
[Black "Renk, Christoph"]
[Result "1/2-1/2"]
[WhiteElo "2073"]
[BlackElo "1953"]
[PlyCount "105"]
[EventDate "2019.??.??"]

1. e4 e5 2. Nf3 Nc6 3. Bb5 Nf6 4. d3 Bc5 5. O-O d6 6. c3 Bb6 7. h3 h6 8. Re1
O-O 9. d4 Ne7 10. Nbd2 Ng6 11. Nc4 Bd7 12. Nxb6 axb6 13. Bxd7 Qxd7 14. Be3 Qe6
15. d5 Qd7 16. Nd2 Ne8 17. Qg4 Qb5 18. b3 Qd3 19. c4 Nf6 20. Qe2 Qxe2 21. Rxe2
Nd7 22. a4 f5 23. exf5 Rxf5 24. Ne4 Nf4 25. Rd2 Nc5 26. Nxc5 bxc5 27. Kh2 g5
28. Re1 Ng6 29. f3 b6 30. Ra2 Nh4 31. Bf2 Ng6 32. Be3 Nf4 33. Rd2 Raf8 34. Ra1
R5f7 35. Re1 Kg7 36. Ra1 Kg6 37. Re1 Kg7 38. Ra1 Rg8 39. Re1 h5 40. Ra1 Kf8 41.
Rf1 Ke8 42. g3 Ng6 43. Bxg5 Rf5 44. h4 Kd7 45. Re2 Nf8 46. Kg2 Nh7 47. Bc1 Rgf8
48. Ref2 Rg8 49. Re2 Nf6 50. Bg5 Nh7 51. Bc1 Nf6 52. Bg5 Nh7 53. Bc1 1/2-1/2

[Event "Dortmunder SV 1 - SF Buer 1"]
[Site "Verbandsliga - Gruppe 2 2018/"]
[Date "2019.03.24"]
[Round "8.3"]
[White "Schorra, Helmut"]
[Black "Wittmann, Rainer"]
[Result "1-0"]
[WhiteElo "2035"]
[BlackElo "2013"]
[PlyCount "57"]
[EventDate "2019.??.??"]

1. d4 c5 2. d5 d6 3. e4 g6 4. Bb5+ Nd7 5. a4 Bg7 6. Nf3 a6 7. Be2 Ngf6 8. Nc3
O-O 9. O-O Ne8 10. Bd2 Nc7 11. Qc1 Re8 12. Bh6 Bh8 13. h3 Nf6 14. Nh2 Bd7 15.
f4 b5 16. Bf3 b4 17. Nd1 e6 18. e5 dxe5 19. d6 e4 20. dxc7 Qxc7 21. Be2 Nd5 22.
Ng4 c4 23. c3 Rec8 24. Nge3 Qa5 25. Nxd5 exd5 26. f5 Rc6 27. fxg6 Rxg6 28. Bh5
Qb6+ 29. Be3 1-0

[Event "Dortmunder SV 1 - SF Buer 1"]
[Site "Verbandsliga - Gruppe 2 2018/"]
[Date "2019.03.24"]
[Round "8.4"]
[White "Huettemann, Karl-Heinz"]
[Black "Wilbert, Siegfried"]
[Result "1/2-1/2"]
[WhiteElo "2006"]
[BlackElo "1969"]
[PlyCount "41"]
[EventDate "2019.??.??"]

1. c4 c6 2. Nf3 d5 3. e3 Nf6 4. b3 a6 5. Bb2 e6 6. Be2 Bd6 7. O-O Qe7 8. Ne5
Nbd7 9. f4 O-O 10. d3 Ra7 11. Nd2 Ba3 12. Bc3 Nxe5 13. fxe5 Nd7 14. d4 f6 15.
exf6 Rxf6 16. e4 b5 17. Rb1 e5 18. Rxf6 Qxf6 19. Nf3 dxe4 20. Nxe5 Bd6 21. Ng4
1/2-1/2

[Event "Dortmunder SV 1 - SF Buer 1"]
[Site "Verbandsliga - Gruppe 2 2018/"]
[Date "2019.03.24"]
[Round "8.5"]
[White "Andersen, Knut"]
[Black "Canzler, Harald"]
[Result "1/2-1/2"]
[WhiteElo "1924"]
[BlackElo "1978"]
[PlyCount "127"]
[EventDate "2019.??.??"]

1. d4 g6 2. e4 Bg7 3. Nf3 d6 4. Be2 Nf6 5. Nc3 O-O 6. O-O c6 7. a4 Qc7 8. h3 e5
9. Be3 Nbd7 10. Qd2 exd4 11. Bxd4 Re8 12. Bd3 Ne5 13. Nxe5 dxe5 14. Be3 Be6 15.
Qe2 Nh5 16. Rfd1 Nf4 17. Qe1 Rad8 18. Bf1 b6 19. Rxd8 Rxd8 20. Rd1 Bf8 21. Rxd8
Qxd8 22. Ne2 Qd6 23. Qc3 Bh6 24. Nxf4 exf4 25. Bd4 Bf8 26. Be5 Qd1 27. Bxf4 Bg7
28. Qxc6 Bxb2 29. Bh6 Qd8 30. Bb5 Bg7 31. Bf4 h5 32. Bd6 Kh7 33. e5 Qg5 34. Qc3
Bd5 35. Bf1 Qf4 36. a5 bxa5 37. Qxa5 Qd4 38. Bc5 Qd1 39. Qa4 Bxe5 40. Bxa7 Bh2+
41. Kxh2 Qxf1 42. f3 Qc4 43. Qa1 Qf4+ 44. Kg1 f6 45. Qd1 Qf5 46. Bf2 Kg7 47.
Qe2 Kf7 48. Qd2 g5 49. Qa5 Qe6 50. Qa7+ Kg6 51. Qd4 Qc6 52. Qd3+ Kg7 53. Bd4
Qe6 54. c3 Qe1+ 55. Kh2 Qe6 56. Qd2 Kf7 57. Qc2 Kg7 58. Qd1 Kf7 59. Qa1 Kg6 60.
Qa7 g4 61. hxg4 hxg4 62. Qb8 gxf3 63. Qg3+ Kf7 64. gxf3 1/2-1/2

[Event "Dortmunder SV 1 - SF Buer 1"]
[Site "Verbandsliga - Gruppe 2 2018/"]
[Date "2019.03.24"]
[Round "8.6"]
[White "Brockmann, Fabian"]
[Black "Seppelfricke, Guido"]
[Result "1-0"]
[WhiteElo "1951"]
[BlackElo "1866"]
[PlyCount "145"]
[EventDate "2019.??.??"]

1. e4 c5 2. b3 Nc6 3. Bb2 d6 4. Bb5 Bd7 5. f4 a6 6. Bxc6 Bxc6 7. Qe2 e6 8. Nf3
Nf6 9. d3 Be7 10. O-O O-O 11. c4 Qc7 12. Nbd2 h6 13. Rae1 Rae8 14. d4 cxd4 15.
Nxd4 Bd7 16. Kh1 Qa5 17. a4 Qh5 18. N4f3 Ng4 19. h3 e5 20. Nh2 Nf6 21. fxe5
dxe5 22. Nb1 Bb4 23. Bc3 Qxe2 24. Rxe2 Bc5 25. Nf3 Nh5 26. Kh2 f6 27. g3 b5 28.
b4 Be7 29. axb5 axb5 30. c5 Bc6 31. Nfd2 Rd8 32. Rfe1 Rd3 33. Re3 Rfd8 34. Nb3
Rxe3 35. Rxe3 Rd1 36. N1d2 Bd8 37. Na5 Bxa5 38. bxa5 f5 39. a6 Nf6 40. a7 Kh7
41. Nf3 Nxe4 42. Nxe5 Bd5 43. Nf3 Rc1 44. Rd3 Rc2+ 45. Bd2 Bc6 46. Nd4 Ra2 47.
Nxc6 Nxd2 48. Kg1 Ne4 49. Rd8 Ra1+ 50. Kg2 Ra2+ 51. Kf3 Ng5+ 52. Ke3 Ra3+ 53.
Kd2 Ne4+ 54. Kc1 Nxc5 55. a8=Q Rxa8 56. Rxa8 Ne4 57. Ra3 Kg6 58. Re3 Kf6 59.
Kc2 g5 60. g4 fxg4 61. hxg4 Nc5 62. Re5 Ne6 63. Rxb5 Nf4 64. Nd4 h5 65. Rf5+
Kg6 66. Nf3 Ne6 67. Ne5+ Kg7 68. Rf7+ Kg8 69. gxh5 g4 70. h6 Nd4+ 71. Kd3 Nf3
72. h7+ Kh8 73. Ng6# 1-0

[Event "Dortmunder SV 1 - SF Buer 1"]
[Site "Verbandsliga - Gruppe 2 2018/"]
[Date "2019.03.24"]
[Round "8.7"]
[White "Kreitling, Oliver"]
[Black "Wolff, Torsten"]
[Result "1-0"]
[WhiteElo "1824"]
[BlackElo "1870"]
[PlyCount "93"]
[EventDate "2019.??.??"]

1. d4 f5 2. c4 e6 3. Nf3 d5 4. cxd5 exd5 5. Nc3 c6 6. Ne5 Nf6 7. Bg5 Bd6 8. e3
O-O 9. Qc2 Qe8 10. Bxf6 Rxf6 11. f4 Be6 12. Be2 Nd7 13. O-O Qe7 14. Rf3 Rff8
15. Bd3 g6 16. Rg3 Bxe5 17. dxe5 a6 18. Qf2 Kf7 19. Rc1 c5 20. Bc2 b5 21. b3
Rab8 22. Rd1 Nb6 23. Rh3 Kg7 24. Rg3 Kf7 25. Nb1 a5 26. Nd2 c4 27. Nf3 Ke8 28.
Nd4 Qd7 29. Rh3 h5 30. Qh4 Qf7 31. Nxb5 Nc8 32. bxc4 Rxb5 33. cxb5 Qc7 34. Qf2
Nb6 35. Qd2 Nc4 36. Qc3 Kf7 37. Bb3 Rc8 38. Rc1 Qb6 39. a4 Nxe3 40. Qxe3 Rxc1+
41. Kf2 Rc5 42. Ke2 Ke7 43. Rg3 g5 44. Rxg5 d4 45. Qh3 Rc3 46. Qxh5 Bxb3 47.
Rg7+ 1-0

[Event "Dortmunder SV 1 - SF Buer 1"]
[Site "Verbandsliga - Gruppe 2 2018/"]
[Date "2019.03.24"]
[Round "8.8"]
[White "Koehler, Eckart"]
[Black "Binias, Siegfried"]
[Result "1-0"]
[WhiteElo "1882"]
[BlackElo "1588"]
[PlyCount "111"]
[EventDate "2019.??.??"]

1. d4 Nf6 2. Bf4 e6 3. e3 b6 4. Nf3 Bb7 5. Bd3 Be7 6. O-O O-O 7. Qe2 d5 8. h3
Nbd7 9. Nbd2 c5 10. c3 Re8 11. Rfd1 Nf8 12. e4 Ng6 13. Bh2 dxe4 14. Nxe4 Nxe4
15. Bxe4 Bxe4 16. Qxe4 Qc8 17. a4 Qa6 18. Qc6 Rac8 19. Qb5 Qxb5 20. axb5 Ra8
21. dxc5 Bxc5 22. Kf1 Be7 23. Rd7 Red8 24. Rdxa7 Rd1+ 25. Rxd1 Rxa7 26. Ke2 Kf8
27. Rd2 Ke8 28. Nd4 Rd7 29. Nc6 Bg5 30. Rxd7 Kxd7 31. Ne5+ Nxe5 32. Bxe5 f6 33.
Bd4 Kc7 34. f3 Bf4 35. Kd3 Bd6 36. Bf2 h5 37. Bd4 Kb7 38. g4 hxg4 39. fxg4 Be7
40. g5 e5 41. Bf2 f5 42. g6 Bf6 43. h4 Kc7 44. h5 Bg5 45. Bh4 Bh6 46. c4 Kd7
47. b4 Kc8 48. c5 Kc7 49. Kc4 e4 50. Kd4 Bd2 51. Ke5 Bxb4 52. Kxf5 Bc3 53.
cxb6+ Kxb6 54. Kxe4 Kxb5 55. Bg3 Bd2 56. Bf4 1-0

[Event "Bochumer SV 2 - SF Brackel 3"]
[Site "Verbandsliga - Gruppe 2 2018/"]
[Date "2019.03.24"]
[Round "8.1"]
[White "Stemmler, Fabian"]
[Black "Spiess, Timo-Christian"]
[Result "0-1"]
[WhiteElo "2080"]
[BlackElo "2070"]
[PlyCount "107"]
[EventDate "2019.??.??"]

1. d4 d6 2. e4 g6 3. Nc3 c6 4. f4 d5 5. e5 h5 6. Nf3 Bg4 7. Be2 Nh6 8. Be3 e6
9. Qd2 Nd7 10. Nd1 a5 11. Nf2 Qb6 12. c3 Nf5 13. Nd3 Nxe3 14. Qxe3 Bxf3 15.
Bxf3 c5 16. O-O cxd4 17. cxd4 Nb8 18. Rfc1 Nc6 19. Nc5 Bxc5 20. dxc5 Qb4 21. a3
Qd4 22. Qxd4 Nxd4 23. Bd1 a4 24. Kf2 Kd7 25. Ke3 Nc6 26. Be2 Ra5 27. Rc2 h4 28.
Rf1 Ne7 29. Bd3 Kc6 30. Kd4 Rh5 31. Rf3 Nf5+ 32. Bxf5 Rxf5 33. Rff2 Rb5 34. g3
hxg3 35. hxg3 Rh5 36. Rh2 Rb3 37. Rxh5 gxh5 38. Rh2 Rxg3 39. Rxh5 Rf3 40. Rh4
Kd7 41. Rg4 Rf2 42. Kc3 Kc6 43. Kd4 Re2 44. Kc3 Re4 45. Rh4 Kxc5 46. Rg4 b5 47.
Rh4 b4+ 48. axb4+ Rxb4 49. Kc2 Re4 50. Rg4 Kc4 51. Rh4 d4 52. Kd2 d3 53. Rg4
Kd4 54. Kd1 0-1

[Event "Bochumer SV 2 - SF Brackel 3"]
[Site "Verbandsliga - Gruppe 2 2018/"]
[Date "2019.03.24"]
[Round "8.2"]
[White "Hinkmann, Jens"]
[Black "Gerlach, Felix"]
[Result "1-0"]
[WhiteElo "2012"]
[BlackElo "2083"]
[PlyCount "69"]
[EventDate "2019.??.??"]

1. e4 e5 2. Nc3 Nf6 3. f4 d5 4. fxe5 Nxe4 5. d3 Nxc3 6. bxc3 d4 7. Nf3 Nc6 8.
cxd4 Bb4+ 9. Bd2 Bxd2+ 10. Qxd2 Nxd4 11. c3 Nxf3+ 12. gxf3 Qh4+ 13. Qf2 Qxf2+
14. Kxf2 Be6 15. Rg1 O-O 16. Ke3 f6 17. f4 fxe5 18. fxe5 Rf5 19. d4 Raf8 20.
Bg2 c6 21. Rgf1 Rh5 22. Rxf8+ Kxf8 23. h3 Bxh3 24. Bf3 Rh6 25. c4 Bc8 26. d5 g5
27. Rg1 Rg6 28. Bh5 Rg7 29. e6 Ke7 30. Kd4 b5 31. Ke5 Bxe6 32. dxe6 bxc4 33.
Rd1 c3 34. Rd7+ Kf8 35. Kf6 1-0

[Event "Bochumer SV 2 - SF Brackel 3"]
[Site "Verbandsliga - Gruppe 2 2018/"]
[Date "2019.03.24"]
[Round "8.3"]
[White "Garbuz, Vitaliy"]
[Black "Goralski, Christian"]
[Result "1/2-1/2"]
[WhiteElo "2062"]
[BlackElo "1967"]
[PlyCount "59"]
[EventDate "2019.??.??"]

1. e4 d5 2. exd5 Nf6 3. d4 Bg4 4. Nf3 Qxd5 5. Be2 Nc6 6. c4 Qf5 7. O-O e5 8.
dxe5 Nd7 9. e6 fxe6 10. h3 Bxf3 11. Bxf3 Nde5 12. Bxc6+ Nxc6 13. Be3 Bd6 14.
Nc3 a6 15. Qb3 O-O-O 16. c5 Be5 17. Rad1 Bd4 18. Ne2 Bxe3 19. Qxe3 e5 20. Ng3
Qc2 21. Qe2 Qxc5 22. Qg4+ Kb8 23. Rxd8+ Rxd8 24. Qxg7 Qc2 25. Re1 Rd2 26. Ne4
Re2 27. Rxe2 Qxe2 28. Qf8+ Ka7 29. Qc5+ Kb8 30. Qf8+ 1/2-1/2

[Event "Bochumer SV 2 - SF Brackel 3"]
[Site "Verbandsliga - Gruppe 2 2018/"]
[Date "2019.03.24"]
[Round "8.4"]
[White "Peters, Olaf"]
[Black "Kartsev, Nikolay"]
[Result "1-0"]
[WhiteElo "1904"]
[BlackElo "1953"]
[Annotator "Daniel"]
[PlyCount "62"]
[EventDate "2019.??.??"]

1. c4 b6 2. Nc3 c5 3. e4 g6 4. g3 Bg7 5. Bg2 Bb7 6. Nge2 Nc6 7. O-O Nh6 8. d3
O-O 9. h3 f5 10. Kh2 a6 11. Rb1 d6 12. Nf4 Nd4 13. Nce2 Qd7 14. Nd5 Nxe2 15.
Qxe2 Bxd5 16. cxd5 e5 17. dxe6 Qxe6 18. b4 Rad8 19. Qc2 Nf7 20. a4 fxe4 21.
dxe4 Ne5 22. f4 Nc6 23. f5 Qc8 24. Qc4+ Kh8 25. Bg5 d5 26. exd5 Ne5 27. Qh4
gxf5 28. Bxd8 Rxd8 29. Rxf5 Ng6 30. Qg4 c4 31. Rg5 Qxg4 {ZAo} 1-0

[Event "Bochumer SV 2 - SF Brackel 3"]
[Site "Verbandsliga - Gruppe 2 2018/"]
[Date "2019.03.24"]
[Round "8.5"]
[White "Elier, Ali"]
[Black "Floeren, Philipp"]
[Result "1-0"]
[WhiteElo "2011"]
[BlackElo "1884"]
[PlyCount "91"]
[EventDate "2019.??.??"]

1. e4 d6 2. d4 Nf6 3. Nc3 g6 4. Bc4 c6 5. Bb3 b5 6. a3 a5 7. Nf3 Bg7 8. O-O Bb7
9. e5 dxe5 10. dxe5 Qxd1 11. Rxd1 Ng4 12. e6 f5 13. Bf4 Na6 14. Rd7 Bc8 15.
Rad1 Bxd7 16. exd7+ Kd8 17. Be6 Nc5 18. Ng5 Rf8 19. Nf7+ Rxf7 20. Bxf7 Nxd7 21.
h3 Ngf6 22. Be5 Ra7 23. Ne2 Kc8 24. Be6 Ne8 25. Nd4 Bxe5 26. Nxc6 Rc7 27. Nxe5
Nef6 28. g4 fxg4 29. hxg4 g5 30. Nxd7 Nxd7 31. Rd5 b4 32. axb4 axb4 33. Kg2 Kd8
34. Kf3 Ke8 35. Bxd7+ Rxd7 36. Rxd7 Kxd7 37. Ke4 Ke6 38. c4 bxc3 39. bxc3 h6
40. c4 Kd6 41. Kf5 Kc5 42. Kg6 Kxc4 43. Kxh6 Kd4 44. Kxg5 Ke5 45. Kh6 Kf6 46.
g5+ 1-0

[Event "Bochumer SV 2 - SF Brackel 3"]
[Site "Verbandsliga - Gruppe 2 2018/"]
[Date "2019.03.24"]
[Round "8.6"]
[White "Bautz, Volker"]
[Black "Kracht, Raphael"]
[Result "0-1"]
[WhiteElo "1865"]
[BlackElo "1963"]
[PlyCount "124"]
[EventDate "2019.??.??"]

1. d4 Nf6 2. Nc3 d5 3. Bg5 c5 4. Nf3 Ne4 5. Bd2 cxd4 6. Nxd4 Nxd2 7. Qxd2 e5 8.
Nf3 d4 9. O-O-O Nc6 10. Ne4 Bf5 11. Ng3 Bg6 12. e3 Bb4 13. Qe2 O-O 14. exd4
exd4 15. Qc4 Rc8 16. Bd3 Ne5 17. Qb3 Nxd3+ 18. Rxd3 Bxd3 19. Qxd3 Qd5 20. Kb1
Rfd8 21. a3 Ba5 22. Nf5 Rd7 23. N5xd4 Bb6 24. c3 Re8 25. h4 Bxd4 26. cxd4 Qe4
27. Qxe4 Rxe4 28. Rc1 f6 29. Rc2 Kf7 30. Kc1 Ree7 31. Kd1 Ke6 32. Rc5 Rc7 33.
Rb5 a6 34. Rb3 Kd5 35. Kd2 b5 36. Rd3 Re4 37. g3 Rce7 38. Re3 Rxe3 39. fxe3 Kc4
40. Ne1 a5 41. Nd3 b4 42. axb4 axb4 43. Nc5 b3 44. Na4 Ra7 45. Nc3 Ra2 46. Nd1
Ra1 47. g4 h5 48. gxh5 Ra5 49. h6 gxh6 50. Nf2 Rh5 51. Ng4 Rxh4 52. Nf2 Rh2 53.
Ke2 Rg2 54. Kf1 Rg3 55. Ke2 h5 56. Ne4 Rg2+ 57. Nf2 h4 58. Kf3 Rg1 59. Ne4 h3
60. Nd2+ Kd5 61. e4+ Kxd4 62. Kf2 Rg2+ 0-1

[Event "Bochumer SV 2 - SF Brackel 3"]
[Site "Verbandsliga - Gruppe 2 2018/"]
[Date "2019.03.24"]
[Round "8.7"]
[White "Seref, Erdogan"]
[Black "Hart, Klaus"]
[Result "1-0"]
[WhiteElo "1947"]
[BlackElo "1716"]
[PlyCount "39"]
[EventDate "2019.??.??"]

1. c4 c5 2. g3 e6 3. Bg2 Ne7 4. Nf3 Nbc6 5. O-O d5 6. d4 dxc4 7. dxc5 Nd5 8.
Na3 c3 9. bxc3 Bxc5 10. c4 Nc3 11. Qc2 Qa5 12. Bb2 Na4 13. Bxg7 Rg8 14. Qxh7
Rxg7 15. Qxg7 Bxa3 16. Ng5 Qc7 17. Rad1 Qe7 18. Nh7 Bd6 19. Nf6+ Kd8 20. Ne4
1-0

[Event "Bochumer SV 2 - SF Brackel 3"]
[Site "Verbandsliga - Gruppe 2 2018/"]
[Date "2019.03.24"]
[Round "8.8"]
[White "Hartenberg, Yannick"]
[Black "Strack, Patrick"]
[Result "0-1"]
[WhiteElo "1672"]
[BlackElo "1676"]
[PlyCount "26"]
[EventDate "2019.??.??"]

1. e4 e5 2. Nf3 Nc6 3. d4 exd4 4. Nxd4 Bc5 5. Be3 Qf6 6. c3 Nge7 7. Bc4 O-O 8.
b4 Bxd4 9. Bxd4 Nxd4 10. cxd4 Nc6 11. e5 Nxe5 12. Bd5 Nc6 13. Bxc6 Re8+ 0-1

[Event "SV Recklinghausen-Süd 1 - SV Hamm 1"]
[Site "Verbandsliga - Gruppe 2 2018/"]
[Date "2019.03.24"]
[Round "8.1"]
[White "Spyrou, Emmanouil"]
[Black "Beckmann, Klaus"]
[Result "1-0"]
[WhiteElo "2149"]
[BlackElo "2121"]
[PlyCount "41"]
[EventDate "2019.??.??"]

1. d4 Nf6 2. c4 c6 3. Nc3 d5 4. Nf3 dxc4 5. a4 e6 6. e3 Bb4 7. Bxc4 c5 8. O-O
O-O 9. Na2 b6 10. Nxb4 cxb4 11. Ne5 Bb7 12. f3 Ba6 13. Bxa6 Nxa6 14. Qd3 Nc7
15. e4 Nfe8 16. Be3 a5 17. Rac1 f6 18. Nc6 Qd7 19. d5 exd5 20. exd5 Rf7 21.
Rfd1 1-0

[Event "SV Recklinghausen-Süd 1 - SV Hamm 1"]
[Site "Verbandsliga - Gruppe 2 2018/"]
[Date "2019.03.24"]
[Round "8.2"]
[White "Callenberg, Ralf"]
[Black "Voss, Hubertus"]
[Result "1-0"]
[WhiteElo "1996"]
[BlackElo "2081"]
[PlyCount "123"]
[EventDate "2019.??.??"]

1. c4 e5 2. g3 Nf6 3. Bg2 Nc6 4. Nc3 Bc5 5. d3 O-O 6. Nf3 d5 7. cxd5 Nxd5 8.
O-O Nxc3 9. bxc3 Qe7 10. Nd2 Bf5 11. Qb3 Rab8 12. Ne4 Bd6 13. Rb1 Na5 14. Qa4
b6 15. Bd2 Bd7 16. Qc2 Nb7 17. c4 Nc5 18. Bc3 Nxe4 19. Bxe4 f5 20. Bd5+ Kh8 21.
Qb2 Rbe8 22. Bg2 f4 23. Be4 Rf6 24. Kg2 Qe6 25. Rh1 Ref8 26. f3 Qh3+ 27. Kf2
Qh5 28. Bb4 Qg5 29. Rbg1 Bf5 30. h4 fxg3+ 31. Rxg3 Qh5 32. Rg5 Qf7 33. Bd5 Qe7
34. Bc3 h6 35. Rg2 Bh7 36. Rhg1 Rf5 37. Rxg7 Qxg7 38. Rxg7 Kxg7 39. Be6 R5f6
40. Bxe5 Bxe5 41. Qxe5 c5 42. Bd5 a5 43. f4 Bf5 44. e4 Bg4 45. Ke3 Kg6 46. Qc7
Kh5 47. f5 Kxh4 48. Kf4 Bxf5 49. exf5 Rxf5+ 50. Ke3 R8f6 51. Qh2+ Kg4 52. Bg2
Re6+ 53. Be4 Rf3+ 54. Kd2 Rff6 55. Kc3 h5 56. Bg2 Re3 57. Qg1 Rg3 58. Qd1+ Kg5
59. Qd2+ Kh4 60. Bb7 Rgg6 61. Bc8 Rd6 62. Qf4+ 1-0

[Event "SV Recklinghausen-Süd 1 - SV Hamm 1"]
[Site "Verbandsliga - Gruppe 2 2018/"]
[Date "2019.03.24"]
[Round "8.3"]
[White "Schlaap, Ralf"]
[Black "HÃ¶fker, Mathias"]
[Result "1-0"]
[WhiteElo "2039"]
[BlackElo "2078"]
[PlyCount "81"]
[EventDate "2019.??.??"]

1. d4 Nf6 2. c4 e6 3. Nf3 d5 4. Nc3 c6 5. cxd5 exd5 6. Bf4 Be7 7. Qc2 O-O 8. h3
c5 9. dxc5 Nc6 10. e3 Bxc5 11. Be2 Be6 12. O-O Qe7 13. Rac1 a6 14. Rfd1 Ba7 15.
Nd4 Nxd4 16. exd4 Rac8 17. Qd3 Qd7 18. Bf3 Bf5 19. Qf1 Rfe8 20. g4 Be4 21. Be2
Bg6 22. f3 h5 23. Kg2 Nh7 24. Qf2 Nf8 25. Bf1 Ne6 26. Be3 Bb8 27. Ne2 f5 28.
Qh4 Qd6 29. f4 fxg4 30. Kf2 Rxc1 31. Bxc1 gxh3 32. Bxh3 Rf8 33. Kg1 Bc7 34. a3
Bd8 35. Qg3 Kh7 36. f5 Qxg3+ 37. Nxg3 Nxd4 38. fxg6+ Kxg6 39. Rxd4 Bb6 40. Ne2
Rf3 41. Kg2 1-0

[Event "SV Recklinghausen-Süd 1 - SV Hamm 1"]
[Site "Verbandsliga - Gruppe 2 2018/"]
[Date "2019.03.24"]
[Round "8.4"]
[White "Herud, Martin"]
[Black "Dukic, Dalibor"]
[Result "1-0"]
[WhiteElo "2008"]
[BlackElo "2030"]
[PlyCount "95"]
[EventDate "2019.??.??"]

1. e4 c6 2. Nf3 d5 3. Nc3 e6 4. d4 Bb4 5. e5 Ne7 6. Bd3 Nd7 7. O-O h6 8. Ne2
Nf5 9. c3 Be7 10. Re1 Nf8 11. g4 Nh4 12. Ng3 Nxf3+ 13. Qxf3 g6 14. Qe2 Bd7 15.
f4 Bh4 16. b3 Qa5 17. b4 Qb6 18. a4 a5 19. Ba3 Be7 20. Reb1 Qc7 21. c4 axb4 22.
Bxb4 Bxb4 23. Rxb4 c5 24. Rb2 cxd4 25. cxd5 exd5 26. f5 Bc6 27. e6 fxe6 28.
fxg6 Rg8 29. Bf5 Qe7 30. Re1 Kd7 31. Nh5 Re8 32. Qe5 Rxg6 33. Bxg6 Nxg6 34. Qf6
Nh4 35. Rf2 e5 36. Qxh6 e4 37. Nf6+ Kc7 38. Qxh4 e3 39. Nxe8+ Qxe8 40. Qh7+ Kb6
41. Rb2+ Ka7 42. Reb1 Qc8 43. Qf5 Qe8 44. Qf4 Qe4 45. Qxe4 dxe4 46. g5 d3 47.
g6 Bd5 48. g7 1-0

[Event "SV Recklinghausen-Süd 1 - SV Hamm 1"]
[Site "Verbandsliga - Gruppe 2 2018/"]
[Date "2019.03.24"]
[Round "8.5"]
[White "Hufelschulte, Norbert"]
[Black "Mecklenburg, Roland"]
[Result "1/2-1/2"]
[WhiteElo "2013"]
[BlackElo "1983"]
[PlyCount "69"]
[EventDate "2019.??.??"]

1. d4 d5 2. c4 e6 3. Nc3 Nf6 4. Bg5 Be7 5. e3 c6 6. Nf3 Nbd7 7. cxd5 exd5 8.
Bd3 O-O 9. Qc2 Re8 10. O-O h6 11. Bh4 Ne4 12. Bxe7 Qxe7 13. a3 Nf8 14. b4 Ng6
15. b5 Bd7 16. bxc6 bxc6 17. Rfc1 f5 18. g3 Rf8 19. Ne2 Ng5 20. Nxg5 hxg5 21.
Nc3 Rf6 22. Rcb1 Nf8 23. Rb7 f4 24. e4 Ne6 25. Qa4 fxg3 26. hxg3 Rf3 27. exd5
Rxd3 28. dxe6 Qxe6 29. Rxd7 Rxc3 30. Rxa7 Rf8 31. Ra8 Rxg3+ 32. fxg3 Qe3+ 33.
Kh1 Qf3+ 34. Kh2 Qe2+ 35. Kh1 1/2-1/2

[Event "SV Recklinghausen-Süd 1 - SV Hamm 1"]
[Site "Verbandsliga - Gruppe 2 2018/"]
[Date "2019.03.24"]
[Round "8.6"]
[White "Hajra, Hetem"]
[Black "Wörtler, Lars-Erik"]
[Result "0-1"]
[WhiteElo "1937"]
[BlackElo "1869"]
[PlyCount "54"]
[EventDate "2019.??.??"]

1. e4 e6 2. d4 d5 3. exd5 exd5 4. Nf3 Bd6 5. h3 Ne7 6. Bd3 Bf5 7. Be3 Nbc6 8.
c3 Qd7 9. Qc2 Bxd3 10. Qxd3 Qf5 11. Qxf5 Nxf5 12. Bd2 O-O-O 13. O-O Rde8 14.
Re1 f6 15. Rxe8+ Rxe8 16. Kf1 g5 17. b4 h5 18. a3 g4 19. Ng1 g3 20. Ne2 gxf2
21. Kxf2 h4 22. Nf4 Nce7 23. Ra2 Ng3 24. Bc1 c6 25. Ne2 Nef5 26. Kf3 Re4 27.
Rc2 b5 0-1

[Event "SV Recklinghausen-Süd 1 - SV Hamm 1"]
[Site "Verbandsliga - Gruppe 2 2018/"]
[Date "2019.03.24"]
[Round "8.7"]
[White "Brieger, Sebastian"]
[Black "Parado, Dominador"]
[Result "0-1"]
[WhiteElo "1762"]
[BlackElo "1905"]
[PlyCount "80"]
[EventDate "2019.??.??"]

1. e4 c5 2. c3 a6 3. d4 e6 4. Nf3 Qc7 5. Bd3 Ne7 6. O-O h6 7. Re1 b6 8. d5 e5
9. c4 d6 10. Nc3 Nd7 11. Nh4 g6 12. f4 Bg7 13. f5 g5 14. Nf3 Ng8 15. Rb1 Ngf6
16. Qa4 Rb8 17. a3 O-O 18. h3 g4 19. hxg4 Nxg4 20. Be2 Ndf6 21. Qd1 b5 22. Nh2
Nxh2 23. Kxh2 b4 24. axb4 cxb4 25. Na4 Nxe4 26. Qc2 Ng5 27. Bd3 Re8 28. Bxg5
hxg5 29. g4 e4 30. Rxe4 Rxe4 31. Bxe4 Be5+ 32. Kg2 Bd7 33. b3 Bxa4 34. bxa4 Qc5
35. Bd3 Qe3 36. Qe2 Qg3+ 37. Kf1 Bd4 38. Qd2 Qg1+ 39. Ke2 Re8+ 40. Kf3 Re3+ 0-1

[Event "SV Recklinghausen-Süd 1 - SV Hamm 1"]
[Site "Verbandsliga - Gruppe 2 2018/"]
[Date "2019.03.24"]
[Round "8.8"]
[White "Stahlhofen, Thomas"]
[Black "Mustafic, Mustafa"]
[Result "1-0"]
[WhiteElo "1800"]
[BlackElo "1747"]
[PlyCount "153"]
[EventDate "2019.??.??"]

1. e4 e5 2. Nf3 Nc6 3. Bc4 Bc5 4. O-O Nf6 5. d3 h6 6. c3 d6 7. h3 Bb6 8. b4 Ne7
9. Re1 c6 10. Bb3 Ng6 11. d4 O-O 12. Na3 Bc7 13. dxe5 dxe5 14. Bd2 Qe7 15. Bc1
Rd8 16. Qe2 Nh5 17. Rd1 Bd7 18. Nc4 Nhf4 19. Qf1 Qf6 20. Bxf4 Nxf4 21. Nh2 Qg6
22. Kh1 Qxe4 23. Re1 Qf5 24. Ng4 Ng6 25. Qe2 Re8 26. Rad1 Nf4 27. Qf1 Nd5 28.
Nce3 Qh5 29. Bxd5 cxd5 30. Nxd5 Bd8 31. Ndf6+ Bxf6 32. Nxf6+ gxf6 33. Rxd7 Rec8
34. Qd3 Qg6 35. Re4 h5 36. c4 b6 37. Qd5 Kg7 38. Re3 h4 39. Re4 f5 40. Qxe5+
Qf6 41. Qxf6+ Kxf6 42. Rxh4 a5 43. b5 Re8 44. Rh6+ Kg7 45. Rxb6 Re1+ 46. Kh2
Re2 47. Rbb7 Rf8 48. a3 Rxf2 49. c5 Kf6 50. Rd6+ Kg5 51. Rd3 f4 52. Rbd7 Re8
53. Rd2 Rf1 54. Rd1 Rf2 55. R7d2 Ree2 56. Rxe2 Rxe2 57. Rd3 Rc2 58. c6 a4 59.
Rd5+ f5 60. h4+ Kg4 61. Rd4 Kxh4 62. Rxf4+ Kg5 63. Rxa4 f4 64. Kg1 Kg4 65. Rd4
Rc1+ 66. Kf2 Rc2+ 67. Kf1 Kf5 68. a4 Ke5 69. Rd1 Ke4 70. a5 f3 71. gxf3+ Kxf3
72. Rd3+ Ke4 73. Rb3 Kd5 74. Rg3 Kc5 75. Rg5+ Kd6 76. Rg6+ Kc5 77. b6 1-0

[Event "SG Gladbeck 1 - SF Essen-Werden 1"]
[Site "Verbandsliga - Gruppe 2 2018/"]
[Date "2019.03.24"]
[Round "8.1"]
[White "Kaufeld, Juergen"]
[Black "Mancic, Ivan"]
[Result "1-0"]
[WhiteElo "2213"]
[BlackElo "2153"]
[PlyCount "85"]
[EventDate "2019.??.??"]

1. d4 Nf6 2. g3 d5 3. Bg2 g6 4. c4 c6 5. Nf3 Bg7 6. O-O O-O 7. Nbd2 Ne4 8. b3
Bf5 9. Bb2 Nd7 10. Nh4 Ndf6 11. f3 Nxd2 12. Qxd2 Be6 13. e4 dxc4 14. f4 cxb3
15. f5 Bc4 16. Rfc1 Bb5 17. axb3 Ng4 18. Rc2 e5 19. fxe6 fxe6 20. Bh3 Rf2 21.
Qxf2 Nxf2 22. Bxe6+ Kh8 23. Rxf2 Bxd4 24. Rd1 c5 25. Nf3 Bxb2 26. Rxd8+ Rxd8
27. Rxb2 Rd1+ 28. Kf2 Kg7 29. Bd5 b6 30. h4 a5 31. Ne5 Rf1+ 32. Kg2 Ra1 33. Rf2
Be8 34. Nc4 b5 35. Nd6 c4 36. Nxe8+ Kh6 37. bxc4 b4 38. Rf7 b3 39. Nf6 g5 40.
Ng8+ Kg6 41. Ne7+ Kh6 42. Nf5+ Kg6 43. h5+ 1-0

[Event "SG Gladbeck 1 - SF Essen-Werden 1"]
[Site "Verbandsliga - Gruppe 2 2018/"]
[Date "2019.03.24"]
[Round "8.2"]
[White "Hassenrueck, Helmut"]
[Black "Roth, Markus"]
[Result "0-1"]
[WhiteElo "2124"]
[BlackElo "2171"]
[PlyCount "52"]
[EventDate "2019.??.??"]

1. d4 d5 2. Nf3 Nf6 3. c4 dxc4 4. e3 Bg4 5. Bxc4 e6 6. h3 Bh5 7. Nc3 Nc6 8. g4
Bg6 9. Bb5 Bd6 10. Qa4 O-O 11. Bxc6 bxc6 12. Qxc6 Rb8 13. O-O Nd5 14. a3 Rb6
15. Qc4 Nxc3 16. bxc3 Be4 17. Qe2 f5 18. Nd2 Qh4 19. Nxe4 fxe4 20. Kg2 Rf3 21.
Rh1 Rb8 22. Bd2 Rb2 23. Qe1 Bg3 24. fxg3 Rxd2+ 25. Kg1 Rxg3+ 26. Kf1 Qf6+ 0-1

[Event "SG Gladbeck 1 - SF Essen-Werden 1"]
[Site "Verbandsliga - Gruppe 2 2018/"]
[Date "2019.03.24"]
[Round "8.3"]
[White "ter Steeg, Marcus"]
[Black "Frohne, Gerd"]
[Result "1/2-1/2"]
[WhiteElo "2048"]
[BlackElo "2045"]
[PlyCount "65"]
[EventDate "2019.??.??"]

1. d4 e6 2. c4 Nf6 3. g3 d5 4. Nf3 Bb4+ 5. Bd2 Be7 6. Bg2 O-O 7. O-O c6 8. Qc2
Nbd7 9. Bf4 Ne4 10. Nfd2 Nxd2 11. Nxd2 f5 12. f3 g5 13. Be3 Rf7 14. Bf2 Nf8 15.
e4 f4 16. Rfe1 Ng6 17. Bf1 Bb4 18. g4 Bd7 19. Bd3 Rg7 20. h3 Rc8 21. a3 Bf8 22.
Qb3 Qa5 23. Qd1 b5 24. b4 Qd8 25. cxb5 cxb5 26. exd5 exd5 27. Qb3 Bc6 28. Bf5
Rcc7 29. Ne4 Nh4 30. Nc5 Nxf5 31. gxf5 Bxc5 32. dxc5 Qf6 33. Qd3 1/2-1/2